| 000 | 00457cam a2200193ua 4500 | ||
|---|---|---|---|
| 020 | _c8.50 | ||
| 041 |
_amal _h |
||
| 082 |
_a894.812 308 _bTAG/HO |
||
| 100 | _aTagore, Ravindra Nath. | ||
| 245 |
_aGora / _cRabindranath Tagore. _hTextual Documents |
||
| 250 |
_a1 / _b. |
||
| 260 |
_aNew Delhi : _bSahitya Academy , _c1962. |
||
| 300 | _a576 ; . | ||
| 365 | _a8.50 | ||
| 504 | _a | ||
| 942 | _cBK | ||
| 999 |
_c6644 _d6644 |
||